| 000 | 00687cam a22002411a 4500 | ||
|---|---|---|---|
| 001 | sa 68016631 | ||
| 003 | DLC | ||
| 005 | 20260227112656.0 | ||
| 008 | 830328s1967 io b 000 0 ind | ||
| 010 | _asa 68016631 | ||
| 035 | _a(OCoLC)9351381 | ||
| 040 |
_aDLC _cOAU _dDLC |
||
| 042 | _apremarc | ||
| 050 | 0 | 0 |
_aB741 _b.H3 |
| 100 | 1 | _aHanafi, A. | |
| 245 | 1 | 0 |
_aFilsafat Islam / _coleh A. Hanafi M.A. |
| 260 |
_aJogjakarta : _b"Sumbangsih" , _c[1967?] |
||
| 300 |
_a271 p. ; _c21 cm. |
||
| 500 | _aCover Title. | ||
| 500 | _a"Diterbitkan kembali, dengan mengalami perobahan, perbaikan dan penambahan." | ||
| 504 | _aBibliography : p. 270-271. | ||
| 650 | 0 | _aIslamic philosophy. | |
| 999 |
_c87218 _d87218 |
||